| 000 | 00492nam a2200169 a 4500 | ||
|---|---|---|---|
| 005 | 20250901165507.0 | ||
| 008 | 830531s1984 ilua be 001 0deng | ||
| 010 | _a 83050030 | ||
| 020 | _a0716600846 (set) | ||
| 050 | 0 | 0 |
_aAE5 .W55 1984 _b.W55 1984 |
| 082 | 0 | 0 |
_a031 _219 |
| 245 | 0 | 4 | _aThe World Book encyclopedia. |
| 260 |
_aChicago : _bWorld Book, _cc1984. |
||
| 300 |
_a24 v. : _bill. (some col.) ; _c26 cm. |
||
| 500 | _aBritish Isles suppl. (2 v.) numbered as v. 23-24. | ||
| 942 | _2lcc | ||
| 999 |
_c4852 _d4852 |
||